[Event "NED-chT 2122"]
[Site "Netherlands"]
[Date "2022.04.02"]
[Round "8.5"]
[White "Van Overdam, Julian"]
[Black "Andersen, Mads"]
[Result "1/2-1/2"]
[WhiteElo "2411"]
[BlackElo "2582"]
[PlyCount "39"]
[EventDate "2021.09.18"]
[EventType "team-tourn"]
[EventRounds "9"]
[EventCountry "NED"]
[SourceTitle "EXT 2024"]
[Source "ChessBase"]
[SourceDate "2023.10.10"]
[SourceVersion "1"]
[SourceVersionDate "2023.10.10"]
[SourceQuality "1"]
[WhiteTeam "Charlois Europoort"]
[BlackTeam "Apeldoorn Amevo"]
[WhiteTeamCountry "NED"]
[BlackTeamCountry "NED"]

1. e4 e5 2. Nf3 Nc6 3. d4 exd4 4. Nxd4 Nf6 5. Nxc6 bxc6 6. e5 Qe7 7. Qe2 Nd5 8. c4 Ba6 9. b3 g6 10. f4 d6 11. Qf2 Nf6 12. Ba3 Qe6 13. Bd3 dxe5 14. f5 Qd7 15. fxg6 Qxd3 16. Qxf6 Qe3+ 17. Kf1 Qd3+ 18. Ke1 Qe3+ 19. Kf1 Qd3+ 20. Ke1 1/2-1/2

[Event "NED-chT 2122"]
[Site "Netherlands"]
[Date "2021.11.27"]
[Round "4.6"]
[White "Van Overdam, Julian"]
[Black "Maatman, Nick"]
[Result "1/2-1/2"]
[WhiteElo "2411"]
[BlackElo "2364"]
[PlyCount "85"]
[EventDate "2021.09.18"]
[EventType "team-tourn"]
[EventRounds "9"]
[EventCountry "NED"]
[SourceTitle "EXT 2023"]
[Source "ChessBase"]
[SourceDate "2022.10.05"]
[SourceVersion "1"]
[SourceVersionDate "2022.10.05"]
[SourceQuality "1"]
[WhiteTeam "Charlois Europoort"]
[BlackTeam "Groningen Combinatie"]
[WhiteTeamCountry "NED"]
[BlackTeamCountry "NED"]

1. e4 e6 2. d4 d5 3. Nd2 c5 4. Ngf3 cxd4 5. exd5 Qxd5 6. Bc4 Qd7 7. 0-0 Nc6 8. Nb3 a6 9. a4 Bd6 10. Nbxd4 Nge7 11. Nxc6 Nxc6 12. Qe2 0-0 13. b3 Qc7 14. Bb2 e5 15. Qe4 g6 16. Rfe1 Bf5 17. Qh4 h5 18. Qg5 Qd8 19. Qh6 Qf6 20. Rad1 Rad8 21. Rd5 Be6 22. Ng5 Qg7 23. Qxg7+ Kxg7 24. Nxe6+ fxe6 25. Rd2 Bb4 26. Rxd8 Rxd8 27. c3 Bc5 28. Bc1 Na5 29. Bxe6 Kf6 30. b4 Kxe6 31. bxc5 Rd5 32. Be3 Nc4 33. Rb1 Nxe3 34. fxe3 Rxc5 35. Rxb7 Rxc3 36. e4 Rc4 37. Rb6+ Kf7 38. Rxa6 Rxe4 39. Kf2 Rb4 40. a5 Ra4 41. Ra8 Ra2+ 42. Kf3 Ra3+ 43. Kf2 1/2-1/2

[Event "NED-chT 2122"]
[Site "Netherlands"]
[Date "2021.11.06"]
[Round "3.3"]
[White "Van Overdam, Julian"]
[Black "Leenhouts, Koen"]
[Result "1-0"]
[WhiteElo "2411"]
[BlackElo "2420"]
[PlyCount "115"]
[EventDate "2021.09.18"]
[EventType "team-tourn"]
[EventRounds "9"]
[EventCountry "NED"]
[SourceTitle "EXT 2023"]
[Source "ChessBase"]
[SourceDate "2022.10.05"]
[SourceVersion "1"]
[SourceVersionDate "2022.10.05"]
[SourceQuality "1"]
[WhiteTeam "Charlois Europoort"]
[BlackTeam "Sas van Gent"]
[WhiteTeamCountry "NED"]
[BlackTeamCountry "NED"]

1. g3 d5 2. Bg2 Nf6 3. d3 c5 4. Nd2 Nc6 5. c3 g6 6. Ngf3 Bg7 7. 0-0 0-0 8. a3 b5 9. c4 bxc4 10. dxc4 Rb8 11. Ne1 Na5 12. cxd5 Nxd5 13. Qc2 Ba6 14. Nd3 c4 15. Nc5 c3 16. Nxa6 cxb2 17. Rb1 Rc8 18. Nc5 bxc1Q 19. Rbxc1 Nc3 20. Nde4 Qd4 21. Qxc3 Qxc3 22. Nxc3 Rxc5 23. Nd5 Rxc1 24. Nxe7+ Kh8 25. Rxc1 Bb2 26. Rc7 Bxa3 27. Rxa7 Bc5 28. Rxa5 Bxe7 29. Ra7 Bc5 30. Rc7 Bb6 31. Rb7 Bc5 32. Bd5 f5 33. Kg2 Re8 34. e3 Re7 35. Rb5 Bd6 36. Rb6 Bc7 37. Rc6 Kg7 38. h3 Bb8 39. Kf3 h5 40. g4 hxg4+ 41. hxg4 Be5 42. Be6 Rc7 43. Ra6 fxg4+ 44. Kxg4 Rc1 45. f4 Bb2 46. Ra7+ Kh6 47. Bg8 Bg7 48. Ra6 Rg1+ 49. Kf3 Bb2 50. Rb6 Bc1 51. Kf2 Kg7 52. Bd5 Rg4 53. Rb7+ Kf8 54. Rh7 g5 55. f5 Bb2 56. f6 Rh4 57. Rc7 Rh2+ 58. Kg1 1-0

[Event "NED-chT 2122"]
[Site "Netherlands"]
[Date "2021.09.18"]
[Round "1.8"]
[White "Roebers, Eline"]
[Black "Van Overdam, Julian"]
[Result "0-1"]
[WhiteElo "2304"]
[BlackElo "2411"]
[PlyCount "58"]
[EventDate "2021.09.18"]
[EventType "team-tourn"]
[EventRounds "9"]
[EventCountry "NED"]
[SourceTitle "EXT 2023"]
[Source "ChessBase"]
[SourceDate "2022.10.05"]
[SourceVersion "1"]
[SourceVersionDate "2022.10.05"]
[SourceQuality "1"]
[WhiteTeam "Kennemer Combinatie"]
[BlackTeam "Charlois Europoort"]
[WhiteTeamCountry "NED"]
[BlackTeamCountry "NED"]

1. e4 d6 2. d4 g6 3. Nc3 Bg7 4. Be3 c6 5. Qd2 Nd7 6. h4 h5 7. f3 b5 8. a4 b4 9. Na2 a5 10. c3 bxc3 11. Nxc3 Rb8 12. d5 cxd5 13. exd5 Nc5 14. Ra3 Rb4 15. Bb5+ Bd7 16. Nge2 Bxb5 17. axb5 Rxb2 18. Qd1 Nh6 19. Nd4 Nf5 20. Nxf5 gxf5 21. 0-0 e6 22. g3 Rg8 23. Bg5 Qb6 24. Kh1 Be5 25. f4 Bxc3 26. Rxc3 Qxb5 27. dxe6 Qc6+ 28. Qf3 Qxf3+ 29. Rfxf3 fxe6 0-1

[Event "NED-chT 1920"]
[Site "Netherlands"]
[Date "2019.11.02"]
[Round "2.6"]
[White "Pijpers, Arthur"]
[Black "Van Overdam, Julian"]
[Result "0-1"]
[WhiteElo "2472"]
[BlackElo "2398"]
[PlyCount "118"]
[EventDate "2019.09.28"]
[EventType "team-tourn"]
[EventRounds "9"]
[EventCountry "NED"]
[SourceTitle "CBM 193 Extra"]
[Source "ChessBase"]
[SourceDate "2020.01.31"]
[SourceVersion "1"]
[SourceVersionDate "2020.01.31"]
[SourceQuality "1"]
[WhiteTeam "Leiden LSG"]
[BlackTeam "Charlois Europoort"]
[WhiteTeamCountry "NED"]
[BlackTeamCountry "NED"]

1. e4 d6 2. d4 g6 3. Nc3 Bg7 4. Be3 c6 5. f4 Nd7 6. Nf3 b5 7. a3 Nb6 8. h3 Nf6 9. Bd3 Nc4 10. Bc1 0-0 11. 0-0 a6 12. Qe1 Bb7 13. e5 Nd5 14. Nxd5 cxd5 15. b3 Na5 16. f5 dxe5 17. Nxe5 Nc6 18. Nxc6 Bxc6 19. Qh4 Qb6 20. c3 Bd7 21. fxg6 fxg6 22. Bh6 Bxh6 23. Qxh6 e5 24. Qe3 e4 25. Be2 Be6 26. Qg5 Qc7 27. Bg4 Qd7 28. Be2 Qg7 29. Qg3 Bf5 30. Qe3 Be6 31. a4 bxa4 32. Rxa4 a5 33. c4 Rxf1+ 34. Bxf1 Bd7 35. Ra2 Bc6 36. c5 Qb7 37. Qc3 Qc7 38. Rf2 Rf8 39. Rxf8+ Kxf8 40. Qe3 Kg7 41. g4 h6 42. h4 Bd7 43. g5 hxg5 44. Qxg5 Bf5 45. h5 Kh7 46. hxg6+ Bxg6 47. Bh3 Qg7 48. Qe5 Qh6 49. Qe7+ Kh8 50. Qf6+ Kh7 51. Qe7+ Kh8 52. Qf6+ Kh7 53. c6 Qxh3 54. Qe7+ Kh6 55. c7 Bf5 56. Qd6+ Kg5 57. Qe5 Qg4+ 58. Kh1 Kh4 59. Qxd5 Kh3 0-1

[Event "NED-chT 1819"]
[Site "Netherlands"]
[Date "2019.04.13"]
[Round "8.2"]
[White "Kuipers, Stefan"]
[Black "Van Overdam, Julian"]
[Result "1/2-1/2"]
[WhiteElo "2472"]
[BlackElo "2353"]
[PlyCount "41"]
[EventDate "2018.09.15"]
[EventType "team-tourn"]
[EventRounds "9"]
[EventCountry "NED"]
[SourceTitle "CBM 189 Extra"]
[Source "ChessBase"]
[SourceDate "2019.06.03"]
[SourceVersion "1"]
[SourceVersionDate "2019.06.03"]
[SourceQuality "1"]
[WhiteTeam "Apeldoorn MuConsult"]
[BlackTeam "Charlois Europoort"]
[WhiteTeamCountry "NED"]
[BlackTeamCountry "NED"]

1. e4 c6 2. d4 g6 3. Nc3 Bg7 4. Nf3 d6 5. Be3 b5 6. Qd2 Nd7 7. Bd3 Nb6 8. b3 Bg4 9. Ne2 Qc7 10. Ng3 Nf6 11. Bh6 Bxh6 12. Qxh6 Bxf3 13. gxf3 Nbd7 14. 0-0 Qb6 15. Rad1 e5 16. dxe5 dxe5 17. Rd2 Qc5 18. Rfd1 0-0-0 19. Bf1 Kc7 20. Bh3 Nb6 21. Rxd8 1/2-1/2

[Event "NED-chT 1819"]
[Site "Netherlands"]
[Date "2018.10.06"]
[Round "2.2"]
[White "Andersen, Mads"]
[Black "Van Overdam, Julian"]
[Result "0-1"]
[WhiteElo "2594"]
[BlackElo "2353"]
[PlyCount "74"]
[EventDate "2018.09.15"]
[EventType "team-tourn"]
[EventRounds "9"]
[EventCountry "NED"]
[SourceTitle "CBM 187 Extra"]
[Source "ChessBase"]
[SourceDate "2018.11.04"]
[SourceVersion "1"]
[SourceVersionDate "2018.11.04"]
[SourceQuality "1"]
[WhiteTeam "BSG"]
[BlackTeam "Charlois Europoort"]
[WhiteTeamCountry "NED"]
[BlackTeamCountry "NED"]

1. d4 c6 2. c4 b5 3. cxb5 cxb5 4. e4 Bb7 5. Nd2 Nf6 6. Bd3 e6 7. Ne2 a6 8. 0-0 Be7 9. Ng3 Nc6 10. Nf3 d6 11. Re1 0-0 12. h3 Nd7 13. b3 Rc8 14. Bb2 Nb4 15. Bb1 Qc7 16. Qd2 a5 17. a3 Nc6 18. Bd3 b4 19. a4 e5 20. Nf5 Bf6 21. Rac1 Qb8 22. Bb5 Rfd8 23. g4 Nxd4 24. N3xd4 exd4 25. Bxd7 Rxc1 26. Rxc1 Rxd7 27. g5 Be5 28. f4 Bxe4 29. Ng3 Bg6 30. h4 h5 31. gxh6 Bf6 32. Bxd4 Bxh4 33. f5 d5 34. Nf1 Bxf5 35. Bxg7 Rd6 36. Nh2 Rg6+ 37. Kf1 Bh3+ 0-1

[Event "Utrecht OKU op 44th"]
[Site "Utrecht"]
[Date "2017.06.11"]
[Round "6"]
[White "Van Overdam, Julian"]
[Black "Elgersma, Simon"]
[Result "1-0"]
[WhiteElo "2360"]
[BlackElo "2142"]
[PlyCount "109"]
[EventDate "2017.06.09"]
[EventType "swiss"]
[EventRounds "6"]
[EventCountry "NED"]
[SourceTitle "CBM 178 Extra"]
[Source "ChessBase"]
[SourceDate "2017.06.22"]
[SourceVersion "1"]
[SourceVersionDate "2017.06.22"]
[SourceQuality "1"]

1. e4 e6 2. d4 d5 3. Nd2 c5 4. c3 cxd4 5. cxd4 dxe4 6. Nxe4 Bb4+ 7. Nc3 Bd7 8. Nf3 Bc6 9. Bd3 Nf6 10. 0-0 0-0 11. Bg5 Nbd7 12. Qe2 Be7 13. Rad1 Nb6 14. Bb1 Nbd5 15. Rfe1 Rc8 16. a3 Nxc3 17. bxc3 Bxa3 18. c4 Bxf3 19. Qxf3 Bb4 20. Qd3 g6 21. Re4 Be7 22. Rh4 Nd7 23. Bxe7 Qxe7 24. g3 Rfd8 25. d5 Ne5 26. Qe2 exd5 27. cxd5 Qd6 28. Re4 Nd7 29. Ba2 Nf6 30. Rf4 Kg7 31. Qb2 Qb6 32. Rb4 Qa6 33. Rxb7 Rd6 34. Re1 Rb6 35. Rxb6 Qxb6 36. Qd2 Re8 37. Rc1 Ne4 38. Qf4 Qf6 39. Qxf6+ Kxf6 40. Rc6+ Ke5 41. Rc7 Kd6 42. Rxa7 Re7 43. Ra6+ Ke5 44. Rc6 Kd4 45. d6 Rd7 46. Rc7 Rxd6 47. Rxf7 Ng5 48. Rf4+ Ke5 49. Kg2 Rd2 50. Bg8 h5 51. h4 Ne4 52. Bh7 Rd6 53. Rf8 Rf6 54. Re8+ Kf5 55. f4 1-0

[Event "BEL-chT 1617"]
[Site "Belgium"]
[Date "2017.03.26"]
[Round "10.3"]
[White "Derakhshani, Dorsa"]
[Black "Van Overdam, Julian"]
[Result "1/2-1/2"]
[WhiteElo "2384"]
[BlackElo "2351"]
[PlyCount "113"]
[EventDate "2016.10.02"]
[EventType "team-tourn"]
[EventRounds "11"]
[EventCountry "BEL"]
[SourceTitle "EXT 2018"]
[Source "ChessBase"]
[SourceDate "2017.10.13"]
[SourceVersion "1"]
[SourceVersionDate "2017.10.13"]
[SourceQuality "1"]
[WhiteTeam "Wachtebeke"]
[BlackTeam "The Belgian CC"]
[WhiteTeamCountry "BEL"]
[BlackTeamCountry "BEL"]

1. e4 c5 2. Nf3 e6 3. d4 cxd4 4. Nxd4 Nf6 5. Nc3 d6 6. Be2 Be7 7. 0-0 Nc6 8. Be3 0-0 9. f4 e5 10. Nxc6 bxc6 11. fxe5 dxe5 12. Qxd8 Rxd8 13. h3 Be6 14. Bd3 Nd7 15. Na4 Rab8 16. b3 c5 17. Nb2 Nb6 18. a4 a5 19. Rad1 g6 20. Bb5 f5 21. Rxd8+ Rxd8 22. Nd3 Nd7 23. Bxd7 Rxd7 24. Nxe5 Rc7 25. Bf4 fxe4 26. Nxg6 Rb7 27. Nxe7+ Rxe7 28. Re1 Bf7 29. c4 Rd7 30. Rxe4 Rd1+ 31. Kh2 Rd3 32. Re3 Bg6 33. Re5 Rxb3 34. Rxc5 Rb4 35. Rxa5 Rxc4 36. Bh6 Kf7 37. Ra6 Rc2 38. Rd6 Ra2 39. Rd4 Ke6 40. Bd2 Ke5 41. Bc3 Ra3 42. Rd3+ Ke6 43. Re3+ Kd5 44. a5 Kc4 45. Bd2 Rxe3 46. Bxe3 Kb5 47. Bd2 Ka6 48. Kg3 Kb7 49. Kf4 Ka8 50. g4 Kb7 51. h4 Ka8 52. Be3 Kb7 53. Ke5 Ka8 54. h5 Bc2 55. g5 Bb1 56. Kf6 Bc2 57. g6 1/2-1/2

[Event "Utrecht OKU op 43rd"]
[Site "Utrecht"]
[Date "2016.06.04"]
[Round "3"]
[White "Van Foreest, Jorden"]
[Black "Van Overdam, Julian"]
[Result "1-0"]
[WhiteElo "2578"]
[BlackElo "2351"]
[PlyCount "63"]
[EventDate "2016.06.03"]
[EventType "swiss"]
[EventRounds "6"]
[EventCountry "NED"]
[SourceTitle "CBM 172 Extra"]
[Source "ChessBase"]
[SourceDate "2016.06.21"]
[SourceVersion "1"]
[SourceVersionDate "2016.06.21"]
[SourceQuality "1"]

1. e4 c5 2. Nf3 e6 3. d4 cxd4 4. Nxd4 Nf6 5. Nc3 d6 6. g4 h6 7. h4 Be7 8. Qf3 Nc6 9. Nxc6 bxc6 10. g5 Nd7 11. gxh6 gxh6 12. Bf4 e5 13. Be3 Nf6 14. Bh3 Bxh3 15. Rxh3 Qd7 16. 0-0-0 Rb8 17. Rg3 a5 18. Bc5 Qe6 19. Ba3 Kd8 20. Qe3 Rb7 21. Qc5 Kc7 22. Qxa5+ Kb8 23. Rgd3 Ne8 24. Qa6 Kc7 25. Bb4 Qd7 26. Qa8 Qc8 27. Nd5+ Kd7 28. Qxc8+ Kxc8 29. Nxe7+ Rxe7 30. Bxd6 Nxd6 31. Rxd6 Kc7 32. Rf6 1-0

[Event "Utrecht OKU op 43rd"]
[Site "Utrecht"]
[Date "2016.06.04"]
[Round "4"]
[White "Van Overdam, Julian"]
[Black "De Boer, Bas"]
[Result "1-0"]
[WhiteElo "2351"]
[BlackElo "1889"]
[PlyCount "83"]
[EventDate "2016.06.03"]
[EventType "swiss"]
[EventRounds "6"]
[EventCountry "NED"]
[SourceTitle "CBM 172 Extra"]
[Source "ChessBase"]
[SourceDate "2016.06.21"]
[SourceVersion "1"]
[SourceVersionDate "2016.06.21"]
[SourceQuality "1"]

1. e4 c5 2. Nc3 Nc6 3. Bb5 Nd4 4. Bc4 e6 5. Nge2 Nf6 6. 0-0 d5 7. exd5 exd5 8. Nxd5 Nxd5 9. Nxd4 Be7 10. Qf3 Nf6 11. Nf5 0-0 12. Nxe7+ Qxe7 13. d3 Bg4 14. Qg3 Qd7 15. h3 Bf5 16. a4 a6 17. a5 Rfe8 18. Be3 Rac8 19. Rfe1 Nd5 20. Bh6 Bg6 21. Bd2 Nb4 22. Bxb4 cxb4 23. Qf4 Rxe1+ 24. Rxe1 Qa4 25. Qe5 h6 26. Bb3 Qc6 27. Re2 b6 28. f4 bxa5 29. f5 Bh7 30. Qxa5 Qf6 31. Qxb4 Bxf5 32. Qe7 Qd4+ 33. Kh1 Bg6 34. Qe5 Qb4 35. Qg3 Kh7 36. Qf3 Qd6 37. Bxf7 Bxf7 38. Qf5+ Bg6 39. Qxc8 Qf4 40. Re1 Bf5 41. Qc5 Bxh3 42. Qe3 1-0

[Event "Utrecht OKU op 43rd"]
[Site "Utrecht"]
[Date "2016.06.03"]
[Round "1"]
[White "Semeijn, Bram"]
[Black "Van Overdam, Julian"]
[Result "0-1"]
[WhiteElo "2043"]
[BlackElo "2351"]
[PlyCount "74"]
[EventDate "2016.06.03"]
[EventType "swiss"]
[EventRounds "6"]
[EventCountry "NED"]
[SourceTitle "CBM 172 Extra"]
[Source "ChessBase"]
[SourceDate "2016.06.21"]
[SourceVersion "1"]
[SourceVersionDate "2016.06.21"]
[SourceQuality "1"]

1. d4 Nf6 2. c4 e6 3. Nc3 Bb4 4. Qc2 Nc6 5. Nf3 d6 6. a3 Bxc3+ 7. Qxc3 0-0 8. Qc2 e5 9. d5 Ne7 10. e4 Nh5 11. Be2 Nf4 12. Bxf4 exf4 13. e5 dxe5 14. Nxe5 Nf5 15. Nf3 Qf6 16. Qc3 Qxc3+ 17. bxc3 Re8 18. Kd2 Nd6 19. Bd3 b6 20. Nd4 Ba6 21. Nb5 Bxb5 22. cxb5 Nb7 23. Rhe1 Nc5 24. Bc2 Kf8 25. c4 a6 26. a4 Rxe1 27. Rxe1 axb5 28. axb5 g6 29. Kc3 f5 30. Rd1 Ke7 31. Rd4 f3 32. g3 Kd6 33. Kb2 Nd7 34. Rf4 Ne5 35. Rd4 Kc5 36. Kc3 Ra3+ 37. Bb3 Rxb3+ 0-1

[Event "BEL-chT 1516"]
[Site "Belgium"]
[Date "2015.10.11"]
[Round "2.2"]
[White "Van Overdam, Julian"]
[Black "Bekker, Stefan"]
[Result "0-1"]
[WhiteElo "2367"]
[BlackElo "2271"]
[PlyCount "142"]
[EventDate "2015.09.27"]
[EventType "team-tourn"]
[EventRounds "11"]
[EventCountry "BEL"]
[SourceTitle "CBM 168 Extra"]
[Source "ChessBase"]
[SourceDate "2015.10.29"]
[SourceVersion "1"]
[SourceVersionDate "2015.10.29"]
[SourceQuality "1"]
[WhiteTeam "TBCC"]
[BlackTeam "Borgerhout"]
[WhiteTeamCountry "BEL"]
[BlackTeamCountry "BEL"]

1. e4 c5 2. Nc3 a6 3. f4 b5 4. g3 Bb7 5. Bg2 e6 6. d3 d5 7. Qe2 Nc6 8. Nf3 Nd4 9. Nxd4 cxd4 10. Nd1 dxe4 11. dxe4 Rc8 12. 0-0 Qc7 13. c3 dxc3 14. Nxc3 Qc4 15. Qxc4 Rxc4 16. Be3 Nf6 17. e5 Bxg2 18. Kxg2 Ng4 19. Bg1 Bc5 20. Bxc5 Rxc5 21. Rfc1 0-0 22. Ne4 Rd5 23. h3 Ne3+ 24. Kf2 Nf5 25. Rc6 Rd4 26. Re1 h5 27. g4 hxg4 28. hxg4 Ne7 29. Rd6 Ra4 30. a3 Rc8 31. Kf3 b4 32. Rd3 bxa3 33. Rxa3 Rxa3+ 34. bxa3 Rb8 35. Re3 Nd5 36. Rd3 Rb1 37. Ng3 a5 38. f5 a4 39. Ke4 Rb2 40. Kd4 Rc2 41. Ne4 Ne7 42. Rc3 Rg2 43. f6 gxf6 44. exf6 Nd5 45. Rc8+ Kh7 46. g5 Nf4 47. Ra8 Nh3 48. Ke5 Re2 49. g6+ Kxg6 50. Rg8+ Kh7 51. Rg7+ Kh6 52. Kd4 e5+ 53. Kd5 Nf4+ 54. Kxe5 Ne6 55. Rxf7 Ng5 56. Ra7 Nxe4 57. f7 Kg7 58. Kd4 Nf2 59. Kc3 Nd1+ 60. Kd4 Rf2 61. Kc5 Rf4 62. Rd7 Nc3 63. Rd4 Rf3 64. Kb4 Kxf7 65. Rc4 Nd5+ 66. Ka5 Ke6 67. Rxa4 Kd6 68. Ka6 Kc5 69. Ra5+ Kc6 70. Ra4 Nb6 71. Ra5 Rf8 0-1

[Event "Vlissingen HZ op 19th"]
[Site "Vlissingen"]
[Date "2015.08.05"]
[Round "6"]
[White "Jobava, Baadur"]
[Black "Van Overdam, Julian"]
[Result "1-0"]
[WhiteElo "2664"]
[BlackElo "2367"]
[PlyCount "83"]
[EventDate "2015.08.01"]
[EventType "swiss"]
[EventRounds "9"]
[EventCountry "NED"]
[SourceTitle "CBM 167 Extra"]
[Source "ChessBase"]
[SourceDate "2015.09.14"]
[SourceVersion "1"]
[SourceVersionDate "2015.09.14"]
[SourceQuality "1"]

1. d4 Nf6 2. Nf3 e6 3. c4 Bb4+ 4. Bd2 Qe7 5. e3 Nc6 6. Be2 Bxd2+ 7. Nbxd2 d6 8. 0-0 0-0 9. Ne1 e5 10. d5 Nb8 11. e4 a5 12. g3 Na6 13. Ng2 Nc5 14. Qc2 Bd7 15. Rae1 c6 16. Qb1 b5 17. dxc6 Bxc6 18. cxb5 Bxe4 19. Nxe4 Ncxe4 20. Rd1 d5 21. Ne3 d4 22. Nc4 Nc5 23. Rfe1 Rfd8 24. Nxa5 Rxa5 25. b4 Raa8 26. bxc5 Qxc5 27. Rc1 Qd5 28. Bc4 Qd6 29. Bd3 Re8 30. Rc6 Qe7 31. b6 Rab8 32. a4 Qa3 33. Qb5 e4 34. Rxf6 gxf6 35. Rxe4 Rxe4 36. Bxe4 d3 37. Bxd3 Rxb6 38. Bxh7+ Kxh7 39. Qxb6 Qc3 40. Kg2 Kg7 41. a5 Qe5 42. h4 1-0

[Event "Leiden op-A 9th"]
[Site "Leiden"]
[Date "2015.07.24"]
[Round "7"]
[White "Van Overdam, Julian"]
[Black "Polak, Alexander"]
[Result "1-0"]
[WhiteElo "2367"]
[BlackElo "2114"]
[PlyCount "83"]
[EventDate "2015.07.17"]
[EventType "swiss"]
[EventRounds "9"]
[EventCountry "NED"]
[SourceTitle "CBM 167 Extra"]
[Source "ChessBase"]
[SourceDate "2015.09.14"]
[SourceVersion "1"]
[SourceVersionDate "2015.09.14"]
[SourceQuality "1"]

1. e4 c6 2. d4 d5 3. e5 Bf5 4. Nf3 e6 5. Be2 Nd7 6. 0-0 h6 7. Be3 Ne7 8. Nh4 Bh7 9. f4 c5 10. c4 cxd4 11. Bxd4 Nc6 12. Bf2 Nb6 13. cxd5 Nxd5 14. f5 exf5 15. e6 fxe6 16. Bh5+ Kd7 17. Nc3 Kc8 18. Qb3 Nxc3 19. Qxc3 Qa5 20. Qc2 Bd6 21. Rfe1 Qc7 22. Rxe6 Nd8 23. Qxc7+ Kxc7 24. Rc1+ Kd7 25. Re2 Nc6 26. Rd1 Kc7 27. Red2 Rad8 28. Rxd6 Rxd6 29. Bg3 Rhd8 30. Bg6 Bxg6 31. Nxg6 Na5 32. Ne7 g6 33. Nxg6 Kc6 34. Ne7+ Kd7 35. Bxd6 Ke6 36. Re1+ Kxd6 37. Nxf5+ Kc6 38. Nxh6 Rd2 39. b4 Nc4 40. a4 Nb2 41. Nf7 Nd3 42. Ne5+ 1-0

[Event "Leiden op-A 9th"]
[Site "Leiden"]
[Date "2015.07.19"]
[Round "3"]
[White "Van Overdam, Julian"]
[Black "Tiviakov, Sergei"]
[Result "1/2-1/2"]
[WhiteElo "2367"]
[BlackElo "2639"]
[PlyCount "174"]
[EventDate "2015.07.17"]
[EventType "swiss"]
[EventRounds "9"]
[EventCountry "NED"]
[SourceTitle "CBM 167 Extra"]
[Source "ChessBase"]
[SourceDate "2015.09.14"]
[SourceVersion "1"]
[SourceVersionDate "2015.09.14"]
[SourceQuality "1"]

1. e4 e6 2. d4 d5 3. Nd2 c5 4. c3 cxd4 5. cxd4 dxe4 6. Nxe4 Bb4+ 7. Nc3 Nf6 8. Nf3 0-0 9. a3 Be7 10. Bc4 Nbd7 11. 0-0 Nb6 12. Bb3 Bd7 13. Ne5 Bc6 14. Re1 Nbd5 15. Qd3 Rc8 16. Bc2 g6 17. Bh6 Re8 18. Qh3 Qd6 19. Bg5 Nh5 20. Ne4 Qd8 21. Bxe7 Rxe7 22. Bb3 Kg7 23. Rac1 Rec7 24. Rcd1 Ndf4 25. Qe3 Bd5 26. g3 Bxe4 27. Qxe4 Nd5 28. Nd3 Nhf6 29. Qe5 Kg8 30. Rc1 Rxc1 31. Rxc1 Rxc1+ 32. Nxc1 Qb6 33. Qb8+ Kg7 34. Qe5 h5 35. h3 Kf8 36. Bxd5 Nxd5 37. Nd3 Qc7 38. Nc5 b6 39. Ne4 Ke7 40. Qg5+ Ke8 41. h4 a5 42. Qd2 Kd7 43. Ng5 Ke7 44. Nf3 Kf8 45. Ne5 Kg7 46. Kg2 Ne7 47. b4 a4 48. Nf3 Qc6 49. Qf4 Nf5 50. Qe5+ f6 51. Qf4 Kf7 52. Qd2 Ke7 53. Qd3 b5 54. Kg1 Qd5 55. Qc3 Kd7 56. Kg2 Qc4 57. Qd2 Qd5 58. Qc3 Nd6 59. Qd3 Qe4 60. Qd2 Nf5 61. Qc3 Qd5 62. Qd2 Qb3 63. Qc1 Ne7 64. Qf4 Nd5 65. Qb8 Nc7 66. Qf8 Qxa3 67. Qxf6 Kc8 68. Qf8+ Kb7 69. Ng5 Qb3 70. Ne4 Qd5 71. f3 a3 72. Nc5+ Ka7 73. Qg7 Kb6 74. Qf8 a2 75. Qb8+ Kc6 76. Qa7 Qxd4 77. Qxa2 Qxb4 78. Nxe6 Nd5 79. Nd8+ Kc5 80. Qf2+ Kd6 81. Nf7+ Kc6 82. Qc2+ Qc3 83. Qxg6+ Nf6 84. Ng5 Qd2+ 85. Kh3 Qd7+ 86. Kg2 Qd2+ 87. Kh3 Qd7+ 1/2-1/2

[Event "Leiden op-A 9th"]
[Site "Leiden"]
[Date "2015.07.17"]
[Round "1"]
[White "Van Overdam, Julian"]
[Black "Dellert, Lena"]
[Result "1-0"]
[WhiteElo "2367"]
[BlackElo "1835"]
[PlyCount "83"]
[EventDate "2015.07.17"]
[EventType "swiss"]
[EventRounds "9"]
[EventCountry "NED"]
[SourceTitle "CBM 167 Extra"]
[Source "ChessBase"]
[SourceDate "2015.09.14"]
[SourceVersion "1"]
[SourceVersionDate "2015.09.14"]
[SourceQuality "1"]

1. e4 e5 2. Nf3 Nc6 3. d4 exd4 4. Nxd4 Nf6 5. Nxc6 bxc6 6. e5 Nd5 7. c4 Ba6 8. b3 g6 9. g3 Bg7 10. Bb2 0-0 11. Bg2 f6 12. e6 Re8 13. 0-0 f5 14. Qd2 Nb6 15. exd7 Qxd7 16. Qxd7 Nxd7 17. Bxg7 Kxg7 18. Bxc6 Rad8 19. Nc3 Re6 20. Bd5 Rd6 21. Rfe1 Kf8 22. Bg2 Nf6 23. Rad1 Rd3 24. Bf1 Rd2 25. Rxd2 Rxd2 26. Re6 Rd6 27. Rxd6 cxd6 28. Bg2 Ke7 29. Nd5+ Nxd5 30. Bxd5 h6 31. f4 Bc8 32. Kf2 Bd7 33. Ke3 Be8 34. Kd4 Kd7 35. h4 Kc7 36. Be6 Kc6 37. b4 Kc7 38. b5 Kb6 39. Kd5 Kc7 40. a4 a6 41. Bg8 axb5 42. axb5 1-0

[Event "NED-chT 1415"]
[Site "Netherlands"]
[Date "2014.11.22"]
[Round "3.5"]
[White "Van Overdam, Julian"]
[Black "Meissner, Felix"]
[Result "1-0"]
[WhiteElo "2329"]
[BlackElo "2238"]
[PlyCount "79"]
[EventDate "2014.09.27"]
[EventType "team-tourn"]
[EventRounds "9"]
[EventCountry "NED"]
[SourceTitle "EXT 2016"]
[Source "ChessBase"]
[SourceDate "2015.10.08"]
[SourceVersion "1"]
[SourceVersionDate "2015.10.08"]
[SourceQuality "1"]
[WhiteTeam "Charlois Europoort"]
[BlackTeam "SISSA"]
[WhiteTeamCountry "NED"]
[BlackTeamCountry "NED"]

1. e4 c5 2. Nc3 a6 3. f4 b5 4. g3 Bb7 5. Bg2 e6 6. d3 d5 7. Qe2 Be7 8. Nf3 d4 9. Nd1 Nf6 10. 0-0 Nc6 11. Nf2 Qb6 12. g4 h6 13. c4 bxc4 14. dxc4 e5 15. fxe5 Nd7 16. Nd3 g5 17. e6 fxe6 18. e5 0-0-0 19. Bd2 a5 20. Be1 Rhf8 21. a3 Rf7 22. Bg3 Rdf8 23. Nd2 Nd8 24. Ne4 Rxf1+ 25. Bxf1 Bc6 26. Bg2 a4 27. Rb1 Qa6 28. Qc2 Qb7 29. Re1 Qa6 30. Nd6+ Kb8 31. Bxc6 Qxc6 32. b3 Ka8 33. bxa4 Bxd6 34. exd6 Qf3 35. Nf2 Nf6 36. Qd2 Nc6 37. d7 Nxg4 38. Nxg4 Qxg4 39. Qg2 Rf3 40. d8Q+ 1-0